Представление документа в формате RUSMARC

ПолеНазваниеЗначение
  Тип записи a
  Библиографический уровень m
001 Контрольный номер RU/IS/BASE/411124291
005 Дата корректировки 20201206204419.7
010 Индекс ISBN __
a ISBN 5-9524-1740-X (в пер.)
d Цена 85-50
101 Язык документа 1_
a Язык текста rus
c Язык оригинала eng
200 Заглавие и сведения об ответственности 1_
a Заглавие Ацтеки
e Сведения, относящиеся к заглавию быт, религия, культура
f Первые сведения об ответственности Уорвик Брэй ; [пер. с англ. Т. Е. Любовской]
b Общее обозначение материала Текст
210 Выходные данные __
a Место издания М.
c Издательство Центрполиграф
d Дата издания 2005
215 Физическое описание __
a Объем 238, [2] с.
c Иллюстрации/тип воспроизводства ил., карт., [8] л. ил.
300 Общие примечания __
a Общие примечания Загл. и авт. ориг.: Everyday life of the aztecs/Warwick Bray
330 Аннотация __
a Аннотация Обо всех сторонах жизни ацтеков - религии и ритуалах, архитектуре и письменности, ремесле и быте.
606 Тематические рубрики __
a Основная рубрика Этнология
606 Тематические рубрики __
a Основная рубрика Этнология современных народов
610 Ключевые слова __
a Ключевые слова быт; религии; культура; ацтеки; архитектура; письменность; ритуалы; традиции; природные условия; семейная жизнь; общественная жизнь; горожане; сельчане; городская жизнь; сельская жизнь; ремесла; религии; войны; завоевания; завоевательные войны
686 Индексы других классификаций __
a Классификационный индекс 63.51(7Мек); ст63.5(7Мек)
700 Автор _1
a Фамилия Брэй
b Имя У.
g Полное личное имя Уорвик
4 Код отношения 070
702 Вторичная интеллектуальная ответственность _1
a Фамилия Любовский
b Имя Т. Е.
4 Код отношения Переводчик
4 Код отношения 730
801 Источник записи _0
a Страна RU
b Организация Муниципальное бюджетное учреждение культуры "Централизованная библиотечная система" г. Сургут (Центральная городская библиотека им. А. С. Пушкина)
g Правила каталогизации КиК/Поспелова
801 Источник записи _1
a Страна RU
b Организация Муниципальное бюджетное учреждение культуры "Централизованная библиотечная система" г. Сургут (Центральная городская библиотека им. А. С. Пушкина)
g Правила каталогизации КиК/Поспелова
852 Данные о местонахождении __
j Шифр хранения 63.51(7Мек)
c Каталожный индекс 63.5
i Авторский знак Б 89
901 Тип документа __
t Тип документа m
903 Характеристики (МАРС) __
a Дата передачи 20060725
990 Данные о заказе (DOS) __
j Количество экземпляров (DOS) 5
t N записи в КСУ для И/У (DOS) 200608